BIBLIOTECA PODER JUDICIAL
Portal Judicial TDF

Aspectos jurídicos, contractuales y regulatorios de actualidad en el tratamiento del fideicomiso societario / (Registro nro. 5340)

000 -LEADER
fixed length control field 02132nab a22002777a 4500
003 - CONTROL NUMBER IDENTIFIER
control field OSt
005 - DATE AND TIME OF LATEST TRANSACTION
control field 20250223230916.0
008 - FIXED-LENGTH DATA ELEMENTS--GENERAL INFORMATION
fixed length control field 190603e xxum|||| |||| 00| 0 spa d
040 ## - CATALOGING SOURCE
Transcribing agency PJ
100 ## - MAIN ENTRY--PERSONAL NAME
9 (RLIN) 6386
Personal name Papa, Rodolfo G.
245 10 - TITLE STATEMENT
Title Aspectos jurídicos, contractuales y regulatorios de actualidad en el tratamiento del fideicomiso societario /
Statement of responsibility, etc Rodolfo G. Papa.
260 ## - PUBLICATION, DISTRIBUTION, ETC. (IMPRINT)
Date of publication, distribution, etc Ciudad Autónoma de Buenos Aires :
Place of publication, distribution, etc Thomson Reuters La Ley,
Name of publisher, distributor, etc 2023.
300 ## - PHYSICAL DESCRIPTION
Extent p. 85-104
500 ## - GENERAL NOTE
General note Cita Online: TR LALEY AR/DOC/2647/2023.
505 ## - FORMATTED CONTENTS NOTE
Formatted contents note Sumario: I. Aproximación introductoria. El fideicomiso societario ante la nueva Codificación.— II. El fiduciario ante la ejecución de un fideicomiso societario. Extensión en el ejercicio de sus facultades fiduciarias.— III. Etapas y principales aspectos jurídicos sustantivos que conforman el iter en la constitución de un fideicomiso societario.— IV. La registración del contrato de fideicomiso societario ante el "Registro Público". Su alcance y efectos. Su tratamiento regulatorio actual en el ámbito de la Ciudad Autónoma de Buenos Aires. La competencia registral asumida por la Inspección General de Justicia (IGJ) al amparo de la RG 6/2016 (luego modificada por la RG 33/2020).— V. Los posibles usos de un fideicomiso societario como vehículo o "instrumentalidad".— VI. La adecuación de las previsiones contractuales del fideicomiso societario a la nueva Codificación unificada.— VII. El fideicomiso societario con fines de garantía.— VIII. Conclusiones.
505 ## - FORMATTED CONTENTS NOTE
Title ¿Te interesa el texto completo? Solicitalo al correo: koha@justierradelfuego.gov.ar
650 #0 - SUBJECT ADDED ENTRY--TOPICAL TERM
9 (RLIN) 1590
Topical term or geographic name as entry element FIDEICOMISO
650 #0 - SUBJECT ADDED ENTRY--TOPICAL TERM
9 (RLIN) 1497
Topical term or geographic name as entry element CODIGO CIVIL Y COMERCIAL
650 #0 - SUBJECT ADDED ENTRY--TOPICAL TERM
9 (RLIN) 646
Topical term or geographic name as entry element SOCIEDADES COMERCIALES
650 #0 - SUBJECT ADDED ENTRY--TOPICAL TERM
9 (RLIN) 6384
Topical term or geographic name as entry element DOMINIO FIDUCIARIO
650 #0 - SUBJECT ADDED ENTRY--TOPICAL TERM
9 (RLIN) 1608
Topical term or geographic name as entry element INSCRIPCION REGISTRAL
650 #0 - SUBJECT ADDED ENTRY--TOPICAL TERM
9 (RLIN) 5756
Topical term or geographic name as entry element PARTICIPACIÓN DE UNA SOCIEDAD EN OTRA
650 #0 - SUBJECT ADDED ENTRY--TOPICAL TERM
9 (RLIN) 1727
Topical term or geographic name as entry element INSPECCION GENERAL DE JUSTICIA
773 0# - HOST ITEM ENTRY
Host Biblionumber 2713
Host Itemnumber 3170
Place, publisher, and date of publication Ciudad Autónoma de Buenos Aires : Thomson Reuters La Ley, 2015-
Title Revista Código Civil y Comercial. Nº 6 - Diciembre 2023
942 ## - ADDED ENTRY ELEMENTS (KOHA)
Source of classification or shelving scheme
Koha item type Analítica Artículo de Revista

No hay ítems disponibles.

12 de Octubre 789 Ushuaia - Tel:  54(02901)441571
Horario de Atención: 8.00 a 17.00 hs. 
bibliotecaush@justierradelfuego.gov.ar
koha@justierradelfuego.gov.ar
Seguinos en nuestras redes @bibliojustdf 

Con tecnología Koha